10 najdłuższych linii metra na świecie - Statystyki

Ogólne statystyki
  • Ten quiz został rozwiązany 73 razy
  • Średni wynik to 5 z 10
Statystyki odpowiedzi
Lp Data otwarcie Długość Miasto % Poprawnych
7 1890 r. 402 km Londyn
87%
6 1935 r. 408,1 km Moskwa
83%
8 1904 r. 380,2 km Nowy Jork
83%
1 1971 r. 690,5 km Pekin
81%
2 1993 r. 676 km Szanghaj
62%
10 1974 r. 357,9 km Seul
42%
3 1997 r. 531,1 km Kanton
29%
5 2004 r. 411 km Shenzhen
6%
4 2010 r. 521 km Chendgu
1%
9 2005 r. 378 km Nanjing
1%
Nie znaleziono quizów pasujących do podanych kryteriów
Rozkład punktacji
Procent ludzi z każdym wynikiem
Percentyl według liczby udzielonych odpowiedzi
Twoja historia wyników
Nie rozwiązałeś tego quizu